Problemas económicos de la revolución social española / (Record no. 106020)

MARC details
000 -LEADER
campo de control de longitud fija 01003nam a2200265 i 4500
001 - NÚMERO DE CONTROL
campo de control 106020
003 - IDENTIFICADOR DE NÚMERO DE CONTROL
campo de control ES-MaACL
005 - FECHA Y HORA DE LA ÚLTIMA TRANSACCIÓN
campo de control 20251013063108.0
007 - CAMPO FIJO DE DESCRIPCIÓN FÍSICA--INFORMACIÓN GENERAL
campo de control de longitud fija t|
008 - DATOS DE LONGITUD FIJA--INFORMACIÓN GENERAL
campo de control de longitud fija 060920q1930 sp |||| | spa d
040 ## - FUENTE DE CATALOGACIÓN
Centro/agencia transcriptor ES-MaACL
080 ## - NÚMERO DE LA CLASIFICACIÓN DECIMAL UNIVERSAL
Número de la Clasificación Decimal Universal 338.1(460)"1902/31"
100 1# - ENTRADA PRINCIPAL--NOMBRE DE PERSONA
Nombre de persona Leval, Gastón,
Fechas asociadas al nombre 1895-1978
9 (RLIN) 242245
Término indicativo de función/relación Autor
245 10 - MENCIÓN DEL TÍTULO
Título Problemas económicos de la revolución social española /
Mención de responsabilidad, etc. Pedro R. Piller (Gastón Leval) ; prefacio de Luis Fabbri.
250 ## - MENCION DE EDICION
Mención de edición Segunda edición ampliada y reforzada documentalmente.
260 ## - PUBLICACIÓN, DISTRIBUCIÓN, ETC.
Lugar de publicación, distribución, etc. Valencia :
Nombre del editor, distribuidor, etc. Biblioteca Estudios,
Fecha de publicación, distribución, etc. [ca. 1930]
300 ## - DESCRIPCIÓN FÍSICA
Extensión 206 páginas ;
Dimensiones 19 cm.
651 #7 - PUNTO DE ACCESO ADICIONAL DE MATERIA--NOMBRE GEOGRÁFICO
Nombre geográfico España-
Subdivisión general Situación económica-
Subdivisión cronológica 1902-1931
9 (RLIN) 158843
700 1# - ENTRADA AGREGADA--NOMBRE PERSONAL
9 (RLIN) 242341
Nombre de persona Fabbri, Luigi,
Fechas asociadas al nombre 1877-1935
Término indicativo de función/relación Autor de introducción
852 ## - LOCALIZACIÓN
Ubicación ES-MaACL
Número de control de estantería AND-740
itemnumber 110033
Ubicación en estantería Depósito 2
Donativo/Legado Biblioteca Juan Andrade
903 ## - NOMBRE PERSONAL DE DONANTE
9 21511
a Andrade, Juan,
d 1897-1981
e Donante
942 ## - ELEMENTOS DE ENTRADA SECUNDARIOS (KOHA)
Tipo de ítem Koha Libro impreso
Suprimir en OPAC No
Holdings
Estatus retirado Estado de pérdida Estado de daño No para préstamo Biblioteca de origen Biblioteca actual Ubicación en estantería Fecha de adquisición Fuente de adquisición Total de préstamos Signatura topográfica completa Código de barras Visto por última vez Precio de reemplazo Tipo de ítem Koha
        Biblioteca del Ateneo de Madrid Biblioteca del Ateneo de Madrid Depósito 2 17/01/2008     AND-740 1110682 23/02/2023 23/02/2023 Libro impreso